How great are we / (Record no. 141834)

MARC details
000 -LEADER
fixed length control field 00662nam a22001937a 4500
005 - DATE AND TIME OF LATEST TRANSACTION
control field 20170623161739.0
010 ## - LCCN (DPL NO)
LC control number ENG-118889
020 ## - INTERNATIONAL STANDARD BOOK NUMBER
International Standard Book Number 9788181501059
Terms of availability 850.00
035 ## - SYSTEM CONTROL NUMBER
System control number EN-102421
037 ## - SOURCE OF ACQUISITION
Source of stock number/acquisition DBAD/PUB
082 ## - DEWEY DECIMAL CLASSIFICATION NUMBER
Classification number 809.917
100 ## - MAIN ENTRY--PERSONAL NAME
Personal name Sharma, Rajesh Kumar
245 ## - TITLE STATEMENT
Title How great are we /
Statement of responsibility, etc by Rajesh Kumar Sharma
260 ## - PUBLICATION, DISTRIBUTION, ETC. (IMPRINT)
Place of publication, distribution, etc New Delhi
Name of publisher, distributor, etc Arvail Bokks International
Date of publication, distribution, etc 2010
270 ## - ADDRESS
Address W-30, Okhla Industrial Area, Phase-II, New Delhi-1100020, India
300 ## - PHYSICAL DESCRIPTION
Extent 131p
Dimensions 22cm.(pbk)
505 ## - FORMATTED CONTENTS NOTE
Formatted contents note A vivid introspection of our socio-enviromental degradation and wake up call for reformation
942 ## - ADDED ENTRY ELEMENTS (KOHA)
Source of classification or shelving scheme Dewey Decimal Classification
Item type English Books
Classification part 363.7
Call number suffix SHA
Holdings
Withdrawn status Lost status Not for loan Collection code Home library Current library Date acquired Source of acquisition Cost, normal purchase price Full call number Barcode Copy number Cost, replacement price Koha item type
    Not For Loan Non-fiction D.B.Act.Division Bawana 22/06/2017 DBAD/PUB 195.00 363.7 SHA EN-102421 1 195.00 English Books

© Delhi Public Library
Hit Counter
free hit counter